Länder mit dem längsten Zugnetzwerk - Statistiken

Allgemein
  • Dieses Quiz wurde 314 mal gespielt
  • Das Durchschnittsergebnis liegt bei 21 aus 25
Antwortstatistiken
Platz Land Länge in km % Korrekt
1. Vereinigte Staaten 149.407
100%
2. China 146.300
99%
6. Deutschland 40.625
99%
3. Russland 85.600
99%
10. Frankreich 29.273
97%
5. Kanada 64.000
95%
18. Spanien 16.355
95%
4. Indien 67.956
94%
8. Australien 33.168
92%
11. Japan 27.311
92%
9. Brasilien 29.817
91%
17. Italien 16.788
91%
12. Mexiko 23.389
91%
7. Argentinien 36.966
89%
15. Polen 19.209
88%
22. Türkei 12.740
84%
19. Vereinigtes Königreich 16.320
84%
14. Ukraine 20.952
83%
21. Schweden 14.180
82%
13. Südafrika 22.387
78%
20. Kasachstan 15.530
74%
16. Iran 16.998
72%
24. Rumänien 10.774
64%
25. Tschechien 9.567
51%
23. Myanmar 11.025
28%
Keine übereinstimmenden Quizze gefunden
Verteilung der Resultate
Anzahl Personen mit jedem Resultat
Perzentil nach korrekt beantworteten Fragen
Ihre Resultats-Entwicklung
Sie haben dieses Quiz noch nicht gespielt